|
|
|
|
| LEADER |
00000nam0a2200000 4500 |
| 001 |
20460 |
| 005 |
20231030192103.0 |
| 035 |
|
|
|a (RuTPU)RU\TPU\book\20641
|
| 035 |
|
|
|a BOOK00005330
|
| 090 |
|
|
|a 20460
|
| 100 |
|
|
|a 20011209d1983 m y0rusy50 ca
|
| 101 |
0 |
|
|a rus
|
| 102 |
|
|
|a RU
|
| 105 |
|
|
|a y j 000zy
|
| 200 |
1 |
|
|a Лабораторный практикум по основам инженерной психологии
|f Под ред. Б. А. Душкова
|
| 210 |
|
|
|a Москва
|c Высшая школа
|d 1983
|
| 215 |
|
|
|a 240 с.
|c ил.
|
| 610 |
1 |
|
|a психология
|
| 610 |
1 |
|
|a труд
|
| 610 |
1 |
|
|a инженерная психология
|
| 610 |
1 |
|
|a учебные пособия
|
| 610 |
1 |
|
|a лабораторный практикум
|
| 686 |
|
|
|a Ю941.2
|v LBC/SL-A
|2 rubbk
|
| 702 |
|
1 |
|a Душков
|b Б. А.
|g Борис Андреевич
|4 340
|
| 801 |
|
0 |
|a RU
|b 63413507
|c 20011209
|g PSBO
|
| 801 |
|
2 |
|a RU
|b 63413507
|c 20220201
|g PSBO
|
| 942 |
|
|
|c BK
|